000 01006nam0a22002771 4500
001 rc\391130
005 20250621070239.0
010 _a5-283-00523-2
_950000
035 _a(NLR Aleph) 005640985
090 _a6668707
_c6668707
100 _a20030616d1989 |||y0rusy50 ca
101 0 _arus
102 _aRU
105 _aa |||||||||
200 1 _aОсновы теории цепей
_e[Учеб. для электротехн. и электроэнерг. спец. вузов]
_fГ.В. Зевеке, П.А. Ионкин, А.В. Нетушил, С.В. Страхов
205 _a5-е изд., перераб.
210 _aМ.
_cЭнергоатомиздат
_d1989
215 _a527, [1] с.
_cил.
_d24
320 _aБиблиогр.: с. 513 (22 назв.)
320 _aПредм. указ.: с. 519-522
701 1 _aЗевеке
_bГ.В.
_gГеоргий Васильевич
801 0 _aRU
_bNLR
_gpsbo
801 1 _aRU
_bELAR
_2rusmarc
852 _aNLR
_j90-7/360
942 _cBOOK
980 _aNB